Drapeaux territoires indépendants ou non - Statistiques

Statistiques générales
  • Ce quiz a été pris 114 fois
  • Le résultat moyen est 37 sur 63
Statistiques - réponses
Par images Réponse % Correct
Groenland
99%
Mayotte
96%
La Réunion
91%
Îles Féroé
87%
Écosse
84%
Pays de Galles
84%
Hong Kong
83%
Guadeloupe
82%
Taïwan
82%
Île de Man
79%
Angleterre
78%
Gibraltar
78%
Guyane
78%
Porto Rico
78%
Guam
76%
Macao
76%
Martinique
76%
Nouvelle-Calédonie
76%
Saint-Pierre-et-Miquelon
76%
Îles Cook
75%
Polynésie française
75%
Jersey
72%
Aruba
70%
Île Norfolk
70%
Irlande du Nord
70%
Niue
68%
Wallis-et-Futuna
66%
Curaçao
63%
Sahara occidental
63%
Åland
62%
Bonaire
62%
Bailliage de Guernesey
61%
Bermudes
61%
Anguilla
59%
Saint-Martin
58%
Samoa américaines
58%
Saint-Barthélemy
54%
Saint-Eustache
53%
Montserrat
51%
Transnistrie
51%
Îles Vierges britanniques
50%
Île Christmas
49%
Îles Cocos
49%
Îles Mariannes du Nord
49%
Saba
49%
Tokelau
49%
Haut-Karabagh
46%
Îles Malouines
46%
Sainte-Hélène
43%
Terres australes et antarctiques françaises
42%
Îles Pitcairn
41%
Îles Caïmans
39%
Île de l'Ascension
38%
Îles Turques-et-Caïques
38%
Îles Vierges des États-Unis
37%
Tristan da Cunha
34%
Territoire britannique de l'océan Indien
28%
Saint-Martin
26%
Ossétie du Sud-Alanie
18%
Territoire antarctique britannique
16%
Géorgie du Sud-et-les îles Sandwich du Sud
13%
République d'Abkhazie
11%
Svalbard et Jan Mayen
11%
Aucun quiz correspondant
Distribution des résultats
% des personnes avec chaque résultat
Percentile par nombre de réponses
Votre historique - résultats
Vous n’avez pas pris ce quiz